Liczby od 1-10 w różnych językach! #11 Czeski - Statystyki

Ogólne statystyki
  • Ten quiz został rozwiązany 31 razy
  • Średni wynik to 6 z 10
Statystyki odpowiedzi
# Liczba % Poprawnych
3 Tri
93%
2 Dva
64%
10 Deset
61%
9 Devet
54%
8 Osm
54%
5 Pet
54%
6 Sest
54%
7 Sedm
46%
1 Jedna
43%
4 Ctyri
36%
Nie znaleziono quizów pasujących do podanych kryteriów
Rozkład punktacji
Procent ludzi z każdym wynikiem
Percentyl według liczby udzielonych odpowiedzi
Twoja historia wyników
Nie rozwiązałeś tego quizu